The civilization of ancient India / (Record no. 133708)

MARC details
000 -LEADER
fixed length control field 00768nam a22002417a 4500
005 - DATE AND TIME OF LATEST TRANSACTION
control field 20170124110214.0
010 ## - LIBRARY OF CONGRESS CONTROL NUMBER
LC control number A-710102
020 ## - INTERNATIONAL STANDARD BOOK NUMBER
Terms of availability 80.00
035 ## - SYSTEM CONTROL NUMBER
System control number A-710102
037 ## - SOURCE OF ACQUISITION
Source of stock number/acquisition Cen Lib/Ret
040 ## - CATALOGING SOURCE
Original cataloging agency DPL
Language of cataloging EN
082 ## - DEWEY DECIMAL CLASSIFICATION NUMBER
Classification number 954.01
Item number REN
100 ## - MAIN ENTRY--PERSONAL NAME
Personal name Renou, Louis
9 (RLIN) 38707
245 ## - TITLE STATEMENT
Title The civilization of ancient India /
Statement of responsibility, etc by Louis Renou ; translated by Philip Spratt
260 ## - PUBLICATION, DISTRIBUTION, ETC. (IMPRINT)
Place of publication, distribution, etc Delhi
Name of publisher, distributor, etc Indological Book House
Date of publication, distribution, etc 1987
270 ## - ADDRESS
Address 42-43 U B Jawahar Nagar (1st Floor)
City Delhi
Postal code 110007
300 ## - PHYSICAL DESCRIPTION
Extent vi,189p.
Dimensions 22cm(Hb)
500 ## - GENERAL NOTE
General note Includes bibliographical references
650 ## - SUBJECT ADDED ENTRY--TOPICAL TERM
Topical term or geographic name as entry element India -- Civilization
9 (RLIN) 12282
650 ## - SUBJECT ADDED ENTRY--TOPICAL TERM
Topical term or geographic name as entry element Hindu civilization
9 (RLIN) 23064
700 ## - ADDED ENTRY--PERSONAL NAME
Personal name Spratt, Philip
9 (RLIN) 38708
942 ## - ADDED ENTRY ELEMENTS (KOHA)
Source of classification or shelving scheme Dewey Decimal Classification
Koha item type English Books
Classification part 954.01
Call number suffix REN
Holdings
Withdrawn status Lost status Damaged status Not for loan Collection code Home library Current library Date acquired Source of acquisition Cost, normal purchase price Total Checkouts Full call number Barcode Date last seen Copy number Cost, replacement price Price effective from Koha item type
      Not For Loan Reference Central Library Central Library 27/07/2015 Cen Lib/Ret 80.00   954.01 REN A-710102 27/07/2015 1 80.00 27/07/2015 English Books

© Delhi Public Library
Hit Counter
free hit counter